000 00338nam a2200121Ia 4500
008 230717s9999 xx 000 0 und d
020 _a81-7534-489-X
041 _aeng
082 _a346.015
_bDAS
100 _aDas, P K
245 _aUniversals New Law On Hindu Succession
260 _aDelhi
_bUniversity Law Publishing Co. Pvt. Ltd.
_c2005
999 _c672143
_d672143